000 00278nam a22001217a 4500
008 180420b xxu||||| |||| 00| 0 eng d
041 _aeng
080 _a043.3
100 _a0
101 _aMEK-BA
245 _aPeshtjellat e Makinave Elektrike
_cSllamniku, N
942 _2udc
_cBK
999 _c45341
_d45341